000 00765 a2200229 4500
010 _aENG-89412
020 _a8131302965
_c695.00
035 _aEN-72945
037 _bDBAD / PUB
082 1 4 _a301.153
090 _c10889
_d10889
100 1 _a.
245 1 _aImmortal sarvoday/
_cedited by Narayan Hazary and Sanghamitra Buddhapriya
260 _aNew Delhi
_bAPH Publishing Corporation
_c2007
270 _a4435-36/7, Ansari Road, Darya Ganj,
_bNew Delhi
_cDelhi
_e110002
300 _axxx, 229p.
_c22 cm (Hb)
500 _aIncludes index
700 1 _aHazary, Narayan
700 1 _aBuddhapriya, Sanghamitra
942 _adpl
_cEN
_k301.153 / IMM
999 _c10588
_d10588